Sports Quiz

Random Sports or MLB Quiz

Big 4 Stadiums and Arenas (2017) Quiz Stats

 Plays Quiz not verified by Sporcle

Score 0/123 Timer 20:00
0 Plays Today
Stadium/Arena % Correct
Madison Square Garden
82.4%
Madison Square Garden
82.4%
Fenway Park
80.6%
Yankee Stadium
80.2%
Wrigley Field
79.3%
TD Garden
77.5%
TD Garden
77.5%
Gillette Stadium
75.3%
Staples Center
75.3%
Staples Center
75.3%
Staples Center
75.3%
Barclays Center
74%
Barclays Center
74%
MetLife Stadium
74%
MetLife Stadium
74%
Soldier Field
74%
Heinz Field
73.1%
Dodger Stadium
71.4%
Pepsi Center
71.4%
Pepsi Center
71.4%
Citi Field
70.9%
Rogers Centre
70.5%
United Center
70.5%
United Center
70.5%
Mercedes-Benz Stadium
70%
AT&T Park
69.6%
American Airlines Arena
69.2%
AT&T Stadium
69.2%
Air Canada Centre
68.7%
Air Canada Centre
68.7%
Great American Ball Park
68.7%
Tropicana Field
68.7%
FedEx Field
68.3%
PNC Park
67.4%
Quicken Loans Arena
67.4%
Ford Field
67%
Safeco Field
67%
Wells Fargo Center
67%
Wells Fargo Center
67%
American Airlines Center
66.5%
American Airlines Center
66.5%
Stadium/Arena % Correct
Minute Maid Park
66.5%
Petco Park
66.5%
Coors Field
66.1%
Mercedes-Benz Superdome
66.1%
Nationals Park
66.1%
SunTrust Park
65.6%
Comerica Park
65.2%
Marlins Park
65.2%
University of Phoenix Stadium
65.2%
Busch Stadium
64.8%
CenturyLink Field
64.8%
Oracle Arena
64.8%
Lambeau Field
64.3%
Lincoln Financial Field
64.3%
Lucas Oil Stadium
64.3%
Honda Center
63.9%
Target Field
63.9%
Levi's Stadium
63.4%
Angel Stadium
63%
Hard Rock Stadium
63%
Raymond James Stadium
63%
Arrowhead Stadium
62.6%
Bank of America Stadium
62.1%
Little Caesars Arena
62.1%
Little Caesars Arena
62.1%
Target Center
61.7%
Kauffman Stadium
61.2%
Philips Arena
60.8%
U.S. Bank Stadium
60.4%
Chase Field
59.5%
Oriole Park at Camden Yards
59.5%
Los Angeles Memorial Coliseum
58.6%
M&T Bank Stadium
58.6%
Miller Park
58.6%
New Era Field
58.6%
Paul Brown Stadium
58.6%
Rogers Arena
58.1%
Toyota Center
57.7%
Amway Center
57.3%
Smoothie King Center
57.3%
NRG Stadium
56.8%
Stadium/Arena % Correct
Progressive Field
56.4%
Sports Authority Field at Mile High
56.4%
T-Mobile Arena
56.4%
Citizens Bank Park
55.9%
AT&T Center
55.5%
PNC Arena
55.5%
EverBank Field
55.1%
FedEx Forum
55.1%
Prudential Center
54.6%
StubHub Center
54.6%
Capital One Arena
53.7%
Capital One Arena
53.7%
Spectrum Center
52.9%
Chesapeake Energy Arena
52%
Guaranteed Rate Field
52%
Bankers Life Fieldhouse
51.5%
Rogers Place
50.7%
Bell Centre
50.2%
Oakland-Alameda County Coliseum
50.2%
Oakland-Alameda County Coliseum
50.2%
Nissan Stadium
48%
PPG Paints Arena
48%
Scotiabank Saddledome
48%
Amalie Arena
47.6%
FirstEnergy Stadium
47.6%
Xcel Energy Center
47.6%
KeyBank Center
47.1%
Moda Center
46.7%
SAP Center
46.3%
Bridgestone Arena
45.4%
Gila River Arena
45.4%
BB&T Center
44.5%
Bradley Center
44.5%
Nationwide Arena
43.6%
Talking Stick Resort Arena
42.7%
Canadian Tire Centre
42.3%
Scottrade Center
40.5%
Golden 1 Center
40.1%
Bell MTS Place
39.6%
Globe Life Park in Arlington
38.8%
Vivint Smart Home Arena
37%

You're not logged in!

Compare scores with friends on all Sporcle quizzes.
OR
Log In

Sporcle TV

Today on Sporcle TV


Watch our educational content, quiz creation guides, and fun videos on Sporcle TV.

Show Comments

Extras

Top Quizzes Today


Score Distribution

Your Account Isn't Verified!

In order to create a playlist on Sporcle, you need to verify the email address you used during registration. Go to your Sporcle Settings to finish the process.

Report this User

Report this user for behavior that violates our Community Guidelines.

Details: